Model based groundwater pollution prediction

In this paper the cause of the groundwater pollution is a tank containing a liquid. In the liquid one or several pollutants are dissolved. Due to a hole/crack, which exists in the bottom of the tank the liquid filters in the soil and the pollutants migrate. A mathematical model is presented which de...

Teljes leírás

Elmentve itt :
Bibliográfiai részletek
Szerzők: Balint Stefan
Balint M. Agneta
Viskolcz Béla
Testületi szerző: International Symposium on Analytical and Environmental Problems (17.) (2011) (Szeged)
Dokumentumtípus: Könyv része
Megjelent: SZAB Szeged 2012
Sorozat:Proceedings of the International Symposium on Analytical and Environmental Problems 17
Kulcsszavak:Vízszennyezés
Tárgyszavak:
Online Access:http://acta.bibl.u-szeged.hu/76482
LEADER 01548naa a2200253 i 4500
001 acta76482
005 20220822102325.0
008 220811s2012 hu o 1|| eng d
020 |a 978-963-315-066-5 
040 |a SZTE Egyetemi Kiadványok Repozitórium  |b hun 
041 |a eng 
100 1 |a Balint Stefan 
245 1 0 |a Model based groundwater pollution prediction  |h [elektronikus dokumentum] /  |c  Balint Stefan 
260 |a SZAB  |b Szeged  |c 2012 
300 |a 438-441 
490 0 |a Proceedings of the International Symposium on Analytical and Environmental Problems  |v 17 
520 3 |a In this paper the cause of the groundwater pollution is a tank containing a liquid. In the liquid one or several pollutants are dissolved. Due to a hole/crack, which exists in the bottom of the tank the liquid filters in the soil and the pollutants migrate. A mathematical model is presented which describes the migration and reaction of a single or multiple pollutants and their interaction. This model facilitates the understanding and prediction of the groundwater pollution. Based on the model, numerical simulations are presented for groundwater pollution. 
650 4 |a Természettudományok 
650 4 |a Kémiai tudományok 
695 |a Vízszennyezés 
700 0 1 |a Balint M. Agneta  |e aut 
700 0 1 |a Viskolcz Béla  |e aut 
711 |a International Symposium on Analytical and Environmental Problems (17.) (2011) (Szeged)  |c Szeged  |d 2011. szeptember 19. 
856 4 0 |u http://acta.bibl.u-szeged.hu/76482/1/proceedings_of_isaep_2011_438-441.pdf  |z Dokumentum-elérés